Normal view
MARC view
Entry Personal Name
001 - CONTROL NUMBER
- control field: 234027
003 - CONTROL NUMBER IDENTIFIER
- control field: OSt
005 - DATE AND TIME OF LATEST TRANSACTION
- control field: 20250805150802.0
008 - FIXED-LENGTH DATA ELEMENTS
- fixed length control field: 250805|| aca||aabn | a|a d
040 ## - CATALOGING SOURCE
- Original cataloging agency: OSt
- Transcribing agency: OSt
100 ## - HEADING--PERSONAL NAME
- Personal name: KESHAVAMURTI (H S)
- Dates associated with a name: ಕೇಶವಮೂರ್ತಿ (ಹೆಚ್ ಎಸ್)
670 ## - SOURCE DATA FOUND
- Source citation: Work cat.: (OSt)142833: KESHAVAMURTI (H S) ಕೇಶವಮೂರ್ತಿ (ಹೆಚ್ ಎಸ್) , Vividha vyadhigalige yoga chikitse, 2010